Essentials of sociology : (Record no. 14728)

000 -LEADER
fixed length control field 00433cam a2200157 a 4500
020 ## - INTERNATIONAL STANDARD BOOK NUMBER
ISBN 0205389252
040 ## - CATALOGING SOURCE
Transcribing agency DLC
082 00 - DEWEY DECIMAL CLASSIFICATION NUMBER
Classification number 301 ALL 2004 A070 Or.
100 1# - MAIN ENTRY--AUTHOR NAME
Personal name Henslin, James M.
245 10 - TITLE STATEMENT
Title Essentials of sociology :
Remainder of title a down-to-earth approach /
250 ## - EDITION STATEMENT
Edition statement 5th ed.
260 ## - PUBLICATION, DISTRIBUTION, ETC. (IMPRINT)
Place of publication Boston :
Name of publisher Allyn and Bacon,
Year of publication c2004.
300 ## - PHYSICAL DESCRIPTION
Number of Pages xxxviii, 443, [74] p. :
Other physical details ill. (some col.) ;
Dimensions 26 cm.
650 #0 - SUBJECT ADDED ENTRY--TOPICAL TERM
Topical Term Sociology.
942 ## - ADDED ENTRY ELEMENTS (KOHA)
Koha item type សៀវភៅភាសាអង់គ្លេស
952 ## - LOCATION AND ITEM INFORMATION (KOHA)
Withdrawn status [LOCAL, KOHA] 0
Holdings
Permanent Location Date acquired Koha item type Lost status Shelving location Barcode Current Location Full call number
Library Block A2017-10-25សៀវភៅភាសាអង់គ្លេស A070A06393Library Block A301 ALL 2004 A070 Or.
មជ្ឈមណ្ឌលឯការនៃសាកលវិទ្យាល័យភូមិន្ទកសិកម្មចំការដូង

Powered by Koha